000 01573cam a2200193 4500
001 X105445
008 000000n2000 000 0 eng u
035 _a(Sirsi) u105445
245 _aIsle of Wight Council v Davies
260 _c2000
490 _aPlanning Appeal Decisions
_v15 PAD 176-181(5)
520 _aT/APP/P2114/A/99/1019654/P7 Combined forestry/woodland and camping caravanning including temporary accommodation-10 ha. woodland site-forestry and woodland activitiies-Woodland Grant t Scheme-sight lines at entrance to site-tree felling and hedge planting on private land-not need planning permission-replacement structure plan and local plan-emerging unitary development plan-tourism-PPG7-effect on rurual character of area=whether need for temporay dwelling sufficient to outweigh poliictes against isolated residential development in contryside-other leisrue uses nearby-proposals would have no harmful effect on appearance of countyside-60-100 tent and caravan pitches- Site of Importance for Nature Conservation-portakabins-temporary residential accommodation for security of site-forestry operations in winter months-whether dwelling essential depends on needs of enterprise itself not on personal preferences or circumstances on individual -appellants' other plans-other planning decisions. (Headnote from journal article)
650 _aISLE OF WIGHT COUNCIL V DAVIES
650 _aWOODLAND GRANT SCHEME
650 _aPPG7
650 _aNATURE CONSERVATION
690 _aENVIRONMENTAL AND LAND CONSULTANCY-PLANNING AND DEVELOPMENT
942 _n0
999 _c100397
_d100397